| Tag |
First Indicator |
Second Indicator |
Subfields |
| LEADER |
00000cam a2200000Ia 4500 |
| 001 |
in00002072803 |
| 005 |
20151102135851.0 |
| 008 |
050930s1989 nyu 000 1 eng d |
| 020 |
|
|
|a 0373285442
|
| 035 |
|
|
|a (OCoLC)ocm61703531
|
| 040 |
|
|
|a UUC
|c UUC
|d ILC
|d BAKER
|d TXA
|d UtOrBLW
|
| 043 |
|
|
|a n-us-co
|
| 049 |
|
|
|a TXAM
|
| 090 |
|
|
|a PS3568.O243
|b G33 1989
|
| 100 |
1 |
|
|a Roberts, Nora.
|
| 245 |
1 |
0 |
|a Gabriel's angel /
|c Nora Roberts.
|
| 264 |
|
1 |
|a New York :
|b Silhouette Books,
|c [1989]
|
| 264 |
|
4 |
|c ©1989
|
| 300 |
|
|
|a 288 pages ;
|c 20 cm.
|
| 336 |
|
|
|a text
|b txt
|2 rdacontent
|
| 337 |
|
|
|a unmediated
|b n
|2 rdamedia
|
| 338 |
|
|
|a volume
|b nc
|2 rdacarrier
|
| 500 |
|
|
|a "America's Publisher of Contemporary Romance."
|
| 650 |
|
0 |
|a Pregnant women
|v Fiction.
|
| 650 |
|
0 |
|a Man-woman relationships
|v Fiction.
|
| 655 |
|
7 |
|a Love stories.
|2 gsafd
|
| 948 |
|
|
|a cataloged
|b h
|c 2005/10/18
|d c
|e ceaton
|f 9:13:16 am
|
| 994 |
|
|
|a C0
|b TXA
|
| 999 |
|
|
|a MARS
|
| 999 |
f |
f |
|s a164e218-fe94-3b0e-9f7f-1a39a59d63e0
|i 70d8e4cf-8718-36f3-a2c7-053bfb1117cd
|t 0
|
| 952 |
f |
f |
|p normal
|a Texas A&M University
|b College Station
|c Sterling C. Evans Library
|d Evans: Library Stacks
|t 0
|e PS3568.O243 G33 1989
|h Library of Congress classification
|i unmediated -- volume
|m A14833078275
|
| 998 |
f |
f |
|a PS3568.O243 G33 1989
|t 0
|l Evans: Library Stacks
|